Statistics for Eurovision Song Contest: Runner-up Since 2000

Click here to take the quiz!

General Stats

  • This quiz has been taken 88 times
    (59 since last reset)
  • The average score is 13 of 14

Answer Stats

YearRunner-up% Correct
2011, 2019Italy
98%
2000, 2006, 2012, 2015Russia
96%
2018Cyprus
93%
2009Iceland
93%
2014Netherlands
93%
2007, 2008Ukraine
93%
2013Azerbaijan
91%
2017Bulgaria
91%
2010Turkey
89%
2016Australia
87%
2004Serbia and Montenegro
87%
2002, 2005Malta
82%
2003Belgium
80%
2001Denmark
80%

Score Distribution

Percentile by Number Answered

Percent of People with Each Score

Your Score History

You have not taken this quiz since the last reset